000 01810nam0a22002891 4500
001 rc\1069324
005 20260406123311.0
035 _a(NLR Aleph) 006229444
090 _a6555975
_c6555975
100 _a20041129d1980 |||y0rusy50 ca
101 0 _arus
102 _aRU
105 _ay |||||||||
200 1 _aСистема ведения сельского хозяйства в Северной Осетии и Чечено-Ингушетии
_f[В.С. Галдин, В.Г. Николаевский, М.А. Бзиков и др.
_gРедкол.: Б.Н. Торчинов (пред.) и др.]
210 _aОрджоникидзе
_cСев.-Кавк. НИИ горн. и предгорн. сел. хоз-ва
_d1980 ( вып. дан. 1981)
215 _a383 с.
_d22
300 _aАвт. указаны в содерж.
300 _aВ надзаг.: ВАСХНИЛ, Всерос. отд-ние, Сев.-Кавк. НИИ горн. и предгорн. сел. хоз-ва, Чеч.-Инг. гос. с.-х. опыт. станция
421 0 _12001#$aМодели типичных хозяйств для Северо-Осетинской и Чечено-Ингушской АССР
_1010$91300
_1210##$d1980
_1215##$a11 с.
_1899##$aNLR$j82-4/9849
_tМодели типичных хозяйств для Северо-Осетинской и Чечено-Ингушской АССР
701 1 _aГалдин
_bВ.С.
702 1 _aТорчинов
_bБ.Н.
_gБорис Николаевич
_4340
712 0 2 _aСеверо-Кавказский НИИ горного и предгорного сельского хозяйства
_cОрджоникидзе
_3RU\NLR\AUTH\8816047
_9305222
801 0 _aRU
_bNLR
_gpsbo
801 1 _aRU
_bELAR
_2rusmarc
852 _aNLR
_j81-5/5593
942 _cBOOK
980 _aNB